Visualizzazione normale
Vista MARC
- Thomas John
di Personal Name
Records bibliografici associati: 1
001 - CONTROL NUMBER
- control field: 15563
003 - CONTROL NUMBER IDENTIFIER
- control field: IT-RoPau
005 - DATE AND TIME OF LATEST TRANSACTION
- control field: 20140311091930.0
008 - FIXED-LENGTH DATA ELEMENTS
- fixed length control field: 140311|| aca||aabn | a|a d
040 ## - CATALOGING SOURCE
- Original cataloging agency: IT-RoPau
- Transcribing agency: IT-RoPau
100 ## - HEADING--PERSONAL NAME
- Personal name: Thomas John
- Dates associated with a name: Codice autore musica SPICS: 16923
- Relator term: Autore musica
- Name of part/section of a work: Canzone irlandese "The Minstrel's Adieu To His Native Land"
670 ## - SOURCE DATA FOUND
- Source citation: Work cat.: (IT-RoPau)99519: AA.VV. 794, Arpa romantica (L')